Generalidades para mantenimiento y mejoramiento de aerodromos
Saved in:
| Main Author: | |
|---|---|
| Format: | Book |
| Language: | Spanish |
| Published: |
Guatemala :Universidad de San Carlos de Guatemala.
1966.
|
| Subjects: | |
| Tags: |
Add Tag
No Tags, Be the first to tag this record!
|
MARC
| LEADER | 00000nam a2200000Ia 4500 | ||
|---|---|---|---|
| 003 | 001870 | ||
| 005 | 20221231143944.0 | ||
| 008 | 140114s1966 gt a 000 ||spa d | ||
| 040 | |c cru CEDI | ||
| 082 | |a 629.136 L649g | ||
| 100 | |a Letona Castañeda, Carlos Lionel |9 20885 | ||
| 245 | |a Generalidades para mantenimiento y mejoramiento de aerodromos | ||
| 260 | |a Guatemala :Universidad de San Carlos de Guatemala. |c 1966. | ||
| 300 | |a 80 páginas : 23 cm. | ||
| 500 | |a Tesis (Ingeniero Civil) --Universidad de San Carlos de Guatemala. Facultad de Ingeniería | ||
| 650 | |x AEROPUERTOS |x DISEÑO Y CONSTRUCCION |9 20886 | ||
| 942 | |2 ddc |c BK | ||
| 999 | |c 14766 |d 14766 | ||
